Manual práctico de topografía /

Guardado en:
Autor Principal: Moia, José Luis.
Formato: Libro
Idioma:Spanish
Publicado: Buenos Aires : Windsor, 1944.
Etiquetas: Agregar Etiqueta
Sin Etiquetas, Sea el primero en etiquetar este registro!
LEADER 00440nam a22001455a 4500
001 EUN.um024261
003 AR-BaUNS
005 20050623122902.0
008 041125s1944####ag#a##########000#0#spa#d
245 1 0 |a Manual práctico de topografía /  |c José Luis Moia. 
260 |a Buenos Aires :  |b Windsor,  |c 1944. 
300 |a 282 p. :  |b ilus. ;  |c 27 cm. 
100 1 |a Moia, José Luis. 
082 0 4 |a 526.9 
859 |a Ar-BaUNS  |b BIB. CENTRAL - Sector C  |h 526.9  |i M728  |p 241/950